000
00290nam a2200121Ia 4500
008
190216s9999||||xx |||||||||||||| ||und||
100
_a
Dover Wilson J
245
0
_a
What Happens In Hamlet
260
_b
Cambridge Uty Press
_c
1967
300
_a
357p
650
_a
English Drama
942
_c
BK
999
_c
12000
_d
12000